Loading...

New dimensions in indian education/

Bibliographic Details
Main Author: Mathur, V S
Format: Printed Book
Language:English
Published: Ambala City: Aggarwal Parkashan, 1974.
Edition:1st edition
Subjects:
LEADER 00544nam a2200169Ia 4500
008 101008s9999 xx 000 0 eng d
041 |a eng 
082 |a 370.954 
100 |a Mathur, V S 
245 |a New dimensions in indian education/  |c V. S. Mathur 
250 |a 1st edition 
260 |a Ambala City:  |b Aggarwal Parkashan,  |c 1974. 
300 |a 112 Pages 
650 |a Education 
942 |c BK 
999 |c 180613  |d 180613 
952 |0 0  |1 0  |2 ddc  |4 0  |6 370_954000000000000_MAT_M  |7 0  |9 199905  |a EDU  |b EDU  |c ST1  |d 2010-10-20  |i 2068  |o 370.954 MAT/M  |p EDU2068  |r 2018-08-29  |y BK